000 01862nam0a2200361 4500
001 RU\NLR\bibl\1697145
005 20260407100925.0
021 _aRU
_b2010-75567
_95024
035 _a(nilc)RSL-KNO-004740889
035 _a(NLR Aleph) 001688237
090 _a1144306
_c1144306
100 _a20101004d2010 |||y0rusy50 ca
101 0 _arus
102 _aRU
105 _aa zzzz|||||
200 1 _aГигиена животных Забайкалья
_eучебное пособие
_eдля студентов вузов, обучающихся по специальностям 110401 - Зоотехния и 111201 - Ветеринария
_fМ-во сел. хоз-ва РФ, Деп. науч.-технол. политики и образования, ФГОУ ВПО "Бурят. гос. с.-х. акад. им. В.Р. Филиппова"
_g[Лумбунов С. Г. и др.]
210 _aУлан-Удэ
_cИзд-во БГСХА
_d2010
215 _a331 с.
_cил., табл.
_d20
320 _aБиблиогр.: с. 324-325 (25 назв.)
606 1 _aЗоогигиена
_jУчебные издания для высших учебных заведений
_yЗабайкалье
_92608825
_3RU\NLR\auth\661545383
686 _aП811я73-1
_2rubbk
686 _aП9(2Р54,7)8я73-1
_2rubbk
686 _aП811(2Р54,7)я73
702 1 _aЛумбунов
_bС. Г.
_gСергей Гомбоевич
_4220
712 0 2 _4570
_aБурятская государственная сельскохозяйственная академия им. В. Р. Филиппова
_cУлан-Удэ
_3RU\NLR\AUTH\889927756
_9351129
801 0 _aRU
_bРГБ
_c20101004
_grcr
801 1 _aRU
_bРГБ
_c20101004
801 2 _aRU
_bNLR
_c20101110
_grcr
830 _aсост. раскрыт по кн.
942 _cBOOK
980 _aNB
980 _aNBR